| 000 | 00419pab a2200169 454500 | ||
|---|---|---|---|
| 008 | 180718b2013 xxu||||| |||| 00| 0 eng d | ||
| 100 | _aSharma, Subhash | ||
| 245 | _aConception and legal aspects of child labour: A critical appraisal | ||
| 260 | _c2013 | ||
| 300 | _ap.027-044. | ||
| 362 | _aApr | ||
| 650 | _aCorruption | ||
| 650 | _aChild labour | ||
| 773 | _aAdministrator | ||
| 908 | _aN | ||
| 909 | _a100867 | ||
| 999 |
_c100866 _d100866 |
||